000 01478nam0a2200301 4500
001 RU\NLR\bibl\440415
005 20260405082739.0
010 _a5-94692-294-7
_915000
021 _aRU
_b2003-47182
_92269
035 _a(NLR Aleph) 000434179
090 _a773285
_c773285
100 _a20030926d2003 |||y0rusy50 ca
101 0 _arus
_aeng
102 _aRU
105 _ay |||||||||
200 1 _aТематическое и поурочное планирование по английскому языку
_e8 кл.
_eМетод. пособие
_eК учеб. В.П. Кузовлева и др. "English" для 8 кл. общеобразоват. учреждений (М.: Просвещение, 2002)
_fЕ.Ю. Смирнова, А.В. Смирнов
210 _aМ.
_cЭкзамен
_d2003
215 _a125, [2] с.
_d20
605 _aАнглийский язык: Учеб. для 8 кл. общеобразоват. учреждений
_2psbo
606 0 _aАнглийский язык
_xУроки
_xПланы
_92080877
_3RU\NLR\auth\661256829
686 _aЧ426.179Ан.2(2)-260
700 1 _4070
_8rus
_7ca
_aСмирнова
_bЕ. Ю.
_cлингвист
_gЕлена Юрьевна
_3RU\NLR\auth\7729344
_912373
701 1 _4070
_8rus
_7ca
_aСмирнов
_bА. В.
_cлингвист
_gАлексей Валерьевич
_3RU\NLR\auth\7725597
_98644
801 0 _aRU
_bNLR
_c20030926
_gPSBO
801 1 _aRU
_bNLR
_c20030926
942 _cBOOK
980 _aNB